Cure characteristics and vulcanizate properties of NR/NBR blends (Record no. 74272)

MARC details
000 -LEADER
fixed length control field 00372nam a2200133Ia 4500
100 ## - MAIN ENTRY--AUTHOR NAME
Personal name Sajini, A.P.
245 #0 - TITLE STATEMENT
Title Cure characteristics and vulcanizate properties of NR/NBR blends
260 ## - PUBLICATION, DISTRIBUTION, ETC. (IMPRINT)
Name of publisher University of Calicut
Place of publication Calicut
Year of publication 2009
300 ## - PHYSICAL DESCRIPTION
Number of Pages 48
500 ## - GENERAL NOTE
General note Course: M.Sc.
700 ## - ADDED ENTRY--PERSONAL NAME
Personal name Dr Benny George
942 ## - ADDED ENTRY ELEMENTS (KOHA)
Koha item type Theses
Holdings
Withdrawn status Lost status Damaged status Not for loan Collection code Home library Current library Shelving location Date acquired Koha item type
      Theses Dissertation RRII Library RRII Library Rubber technology 31/12/2021 Theses